000 00430nam a2200181Ia 4500
003 GCL
008 140319s9999 xx 000 0 eng d
040 _aGCL /
_cGCL
082 0 4 _a297
_bR I
100 1 _aROSS, DENISON
245 1 0 _aISLAM /
_cROSS, DENISON
260 _a[S.N] :
_bBOUVERIE HOUSE ،
_c1927
300 _a79 P
650 0 4 _aنجد
650 0 4 _aOMAYYAD CALIPHS
650 0 4 _aADDNSID CALIPHS
942 _2ddc
_cBK
999 _c11188
_d11188